书目信息 |
| 题名: |
企业信息管理学
|
|
| 作者: | 司有和 编著 | |
| 分册: | ||
| 出版信息: | 北京 科学出版社 2007.01 |
|
| 页数: | 308页 | |
| 开本: | 24cm | |
| 丛书名: | 企业信息化之路丛书 | |
| 单 册: | ||
| 中图分类: | F270.7 | |
| 科图分类: | ||
| 主题词: | 企业经济 | |
| 电子资源: | ||
| ISBN: | 7-03-011198-2 | |
| 000 | 00615 nam 000229 | |
| 001 | 0100001694 | |
| 005 | 20070901154834.65 | |
| 010 | @a7-03-011198-2@dCNY30.00 | |
| 100 | @a20070804d2007 em y0chiy0121 ea | |
| 101 | @achi | |
| 102 | @aCN@b110000 | |
| 105 | @ay z 000yy | |
| 200 | 10 | @a企业信息管理学@9qi ye xin xi guan li xue@f司有和编著@Fsi you he bian zhu |
| 210 | @a北京@c科学出版社@d2007.01 | |
| 215 | @a308页@d24cm | |
| 225 | @a企业信息化之路丛书 | |
| 606 | @a企业经济 | |
| 690 | @aF270.7@v4 | |
| 701 | 0 | @a司有和@9si you he@4编著 |
| 801 | @aCN@c20070901 | |
| 901 | @a000003 | |
| 905 | @dF270.7@eS703 | |
| 企业信息管理学/司有和编著.-北京:科学出版社,2007.01 |
| 308页;24cm.-(企业信息化之路丛书) |
| ISBN 7-03-011198-2:CNY30.00 |
| ● |
| 相关链接 |
|
|
|
正题名:企业信息管理学
索取号:F270.7/S703
 
预约/预借
| 序号 | 登录号 | 条形码 | 馆藏地/架位号 | 状态 | 备注 |
| 1 | 643515 | 206435151 | 社科库409/409社科库 86排3列5层/ [索取号:F270.7/S703] | 在馆 | |
| 2 | 643516 | 206435160 | 社科库409/409社科库 86排3列5层/ [索取号:F270.7/S703] | 在馆 |